Valtiot matkalla maailman ympäri 80 päivässä - Statistics

Yleistilastot
  • Tätä visaa on pelattu 69 kertaa
  • Keskiarvotulos 23 / 27
Vastaukset kartalla
Vastauksille on annettu kartalla punavihreä väri sen mukaan, kuinka moni on saanut sen oikein.
 
Vastaustilastot
Kaupunki Valtio % Oikein
Havaiji Yhdysvallat
96%
San Francisco Yhdysvallat
96%
Medicine Bow Yhdysvallat
96%
Kearney Yhdysvallat
96%
Omaha Yhdysvallat
96%
Chicago Yhdysvallat
96%
Buffalo Yhdysvallat
96%
New York Yhdysvallat
96%
Calais Ranska
93%
Pariisi Ranska
93%
Lontoo Yhdistynyt Kuningaskunta
93%
Dover Yhdistynyt Kuningaskunta
93%
Liverpool Yhdistynyt Kuningaskunta
93%
Lontoo Yhdistynyt Kuningaskunta
93%
Hong Kong Kiina
91%
Bombay Intia
85%
Allahabad Intia
85%
Varanasi Intia
85%
Kalkutta Intia
85%
Niagara Falls Kanada
78%
Torino Italia
76%
Brindisi Italia
76%
Jokohama Japani
69%
Tijuana Meksiko
69%
Suez Egypti
65%
Singapore Singapore
58%
Aden Jemen
20%
Ehtoja vastaavia visoja ei löytynyt
Tulosjakauma
Jokaisen tuloksen saaneiden osuus
Persentiili vastausten määrän mukaan
Tuloshistoriasi
Et ole pelannut tätä visaa